| 000 | 00529nam a2200217Ia 4500 | ||
|---|---|---|---|
| 003 | OSt | ||
| 005 | 20221007123703.0 | ||
| 006 | a|||||r|||| 00| 0 | ||
| 007 | ta | ||
| 008 | 221006b |||||||| |||| 00| 0 eng d | ||
| 024 | _a75066 | ||
| 037 | _cTextual | ||
| 040 |
_aPAPL _cPAPL _beng |
||
| 041 |
_2eng _aeng |
||
| 082 | _aw2N43, N4 | ||
| 100 |
_aGupta B N Das _9717600 |
||
| 245 | 0 | _aM N Roy quest for freedom | |
| 260 | _c1994 | ||
| 942 |
_hw2N43, N4 _cTEXL _2CC |
||
| 999 |
_c1212317 _d1212317 |
||